Personnages Charmed par images - Statistiques

Statistiques générales
  • Ce quiz a été pris 544 fois
    539 depuis la dernière actualisation
  • Le résultat moyen est 20 sur 35
Statistiques - réponses
Par images Réponse % Correct
Prue
97%
Leo
96%
Phoebe
95%
Piper
95%
Cole
93%
Paige
93%
Chris
85%
Darryl
85%
Wyatt
79%
Andy
75%
Patty
74%
Barbas
70%
Billie
68%
Dan
68%
Victor
68%
Penny
65%
Elise
60%
Coop
56%
Sam
52%
Zankou
51%
Richard
50%
Henry
48%
Christy
47%
Leslie
46%
Melinda
44%
Jason
41%
Jenny
39%
Rex
36%
Sheridan
36%
Jack
27%
Kyle
26%
Dex
25%
Rodriguez
22%
Bane
15%
Dumain
10%
Aucun quiz correspondant
Distribution des résultats
% des personnes avec chaque résultat
Percentile par nombre de réponses
Votre historique - résultats
Vous n’avez pas pris ce quiz depuis la dernière actualisation